Guidance notes with background papers on the valuation of fixed assets (Record no. 91260)

MARC details
000 -LEADER
fixed length control field 00741cam a2200265 4500
001 - CONTROL NUMBER
control field B1207
008 - FIXED-LENGTH DATA ELEMENTS--GENERAL INFORMATION
fixed length control field 090401t1985 xxu||||| |||| 00| 0 eng d
035 ## - SYSTEM CONTROL NUMBER
System control number (Sirsi) u43171
041 ## - LANGUAGE CODE
Language code of text/sound track or separate title eng
050 ## - LIBRARY OF CONGRESS CALL NUMBER
Classification number 333.3321
110 ## - MAIN ENTRY--CORPORATE NAME
Corporate name or jurisdiction name as entry element International Assets Valuation Standards Committee
9 (RLIN) 2050
245 ## - TITLE STATEMENT
Title Guidance notes with background papers on the valuation of fixed assets
260 ## - PUBLICATION, DISTRIBUTION, ETC.
Place of publication, distribution, etc. London
Name of publisher, distributor, etc. TIAVSC
Date of publication, distribution, etc. 1985-
300 ## - PHYSICAL DESCRIPTION
Extent 16 booklets in folder ; 21cm.
350 ## - PRICE (NR) (BK AM CF MU VM SE) [OBSOLETE]
Price 17.5
650 ## - SUBJECT ADDED ENTRY--TOPICAL TERM
Topical term or geographic name entry element ALTERNATIVE USE VALUE
650 ## - SUBJECT ADDED ENTRY--TOPICAL TERM
Topical term or geographic name entry element ASSETS
650 ## - SUBJECT ADDED ENTRY--TOPICAL TERM
Topical term or geographic name entry element DEPRECIATION
650 ## - SUBJECT ADDED ENTRY--TOPICAL TERM
Topical term or geographic name entry element EXISTING USE VALUE
650 ## - SUBJECT ADDED ENTRY--TOPICAL TERM
Topical term or geographic name entry element LEASEHOLD INTERESTS
650 ## - SUBJECT ADDED ENTRY--TOPICAL TERM
Topical term or geographic name entry element NEGATIVE VALUES
650 ## - SUBJECT ADDED ENTRY--TOPICAL TERM
Topical term or geographic name entry element PLANT AND MACHINERY
942 ## - ADDED ENTRY ELEMENTS (KOHA)
Suppress in OPAC 0
948 ## - LOCAL PROCESSING INFORMATION (OCLC); SERIES PART DESIGNATOR (RLIN)
c (OCLC) 04/03/1997
Holdings
Withdrawn status Lost status Source of classification or shelving scheme Damaged status Not for loan Home library Current library Shelving location Date acquired Cost, normal purchase price Total Checkouts Full call number Barcode Date last seen Date last checked out Copy number Cost, replacement price Price effective from Koha item type
    Dewey Decimal Classification     London London Basement 14/09/1999 17.50 1 SHELF 301 30002558 06/08/2019 16/07/2002 1 17.50 06/08/2019 Book